000 00994nam a2200289 i 4500
003 DO-SdBNP
005 20241021093727.0
006 a||||gr|||| 00| 0
007 ta
008 240524e2013 dr ac||| |||| 00| e spa d
020 _a9789945489620
040 _aDO-SdBNP
_bspa
_cBNPHU
_erda
082 4 _bA473N
_222
100 1 _aNova, Manuel,
_d1963 -
_eautor
_4aut.
_985552
245 1 0 _aAnselmo Paulino Álvarez :
_bel ojo mágico de Trujillo /
_cManuel Nova.
264 4 _aSanto Domingo :
_bEditora Corripio,
_c2013.
300 _a202 páginas :
_bilustraciones, retratos ;
_c23 cm.
336 _atexto
_btxt
_2rdacontent
337 _asin mediación
_bn
_2rdamedia
338 _avolumen
_bnc
_2rdacarrierl
500 _aIncluye datos biográficos del autor en las solapas de las cubiertas.
504 _aBibliografía : páginas 201 - 202
590 _aInventariado 2024 / MF
600 1 4 _aPaulino Álvarez, Anselmo,
_985553
600 1 4 _aNova, Manuel
_d1963 -
_985552
942 _2ddc
_cLBS1
999 _c56751
_d56751